Artilleria moderna de mar y tierra (Registro nro. 151958)

Detalles MARC
000 -LEADER
campo de control de longitud fija 00801nam a22001815i 4500
001 - NÚMERO DE CONTROL
campo de control 151958
003 - IDENTIFICADOR DE NÚMERO DE CONTROL
campo de control ES-MaACL
005 - FECHA Y HORA DE LA ÚLTIMA TRANSACCIÓN
campo de control 20230906204452.0
008 - DATOS DE LONGITUD FIJA--INFORMACIÓN GENERAL
campo de control de longitud fija 970714s1856 sp |||| | spa d
040 ## - FUENTE DE CATALOGACIÓN
Centro catalogador/agencia de origen CAM
Lengua de catalogación spa
Centro/agencia transcriptor CAM
100 1# - ENTRADA PRINCIPAL--NOMBRE DE PERSONA
Nombre de persona Paixhans, Henry Joseph.
9 (RLIN) 130779
245 10 - MENCIÓN DEL TÍTULO
Título Artilleria moderna de mar y tierra
Resto del título : estracto hecho de la obra que escribió en francés Mr. Paixhans titulada Nouvelle force maritime /
Mención de responsabilidad, etc. por Emilio Bernaldez...con un apéndice escrito por el mismo.
260 ## - PUBLICACIÓN, DISTRIBUCIÓN, ETC.
Lugar de publicación, distribución, etc. Madrid :
Nombre del editor, distribuidor, etc. [s.n.],
Fecha de publicación, distribución, etc. 1856 (
Fabricante Imprenta del Memorial de Ingenieros)
300 ## - DESCRIPCIÓN FÍSICA
Extensión 116, [5] p., [8] h. pleg. ;
Dimensiones 23 cm.
650 #4 - PUNTO DE ACCESO ADICIONAL DE MATERIA--TÉRMINO DE MATERIA
Término de materia o nombre geográfico como elemento de entrada Artillería.
9 (RLIN) 135626
700 1# - ENTRADA AGREGADA--NOMBRE PERSONAL
Nombre de persona Bernáldez y Fernández de Folgueras, Emilio.
9 (RLIN) 125954
852 ## - LOCALIZACIÓN
Ubicación ES-MaACL
Número de control de estantería G-11052
Nota libre -- Enc. cart.
-- .- Ded. manuscrita del autor
Existencias
Estatus retirado Estado de pérdida Estado de daño No para préstamo Colección Biblioteca de origen Biblioteca actual Ubicación en estantería Fecha de adquisición Fuente de adquisición Total de préstamos Signatura topográfica completa Código de barras Visto por última vez Precio de reemplazo Tipo de ítem Koha
        Libros del s. XIX Biblioteca del Ateneo de Madrid Biblioteca del Ateneo de Madrid Sala Pecera Planta 3 17/01/2008     G-11052 1158615 23/02/2023 23/02/2023 Libro impreso antiguo